书目信息 |
| 题名: |
文史
|
|
| 作者: | ;中华书局编辑部 编 | |
| 分册: | 第六辑 | |
| 出版信息: | 北京 中华书局 1979 |
|
| 页数: | 250页 | |
| 开本: | 26cm | |
| 丛书名: | ||
| 单 册: | ||
| 中图分类: | K207 , K203 | |
| 科图分类: | ||
| 主题词: | 文史--中国--丛刊 , 中国--通史 | |
| 电子资源: | ||
| ISBN: | ||
| 000 | 00636nam0 2200253 45 | |
| 001 | 0179007750 | |
| 005 | 20040331164109.6 | |
| 010 | @dCNY1.50 | |
| 091 | @a11018.789 | |
| 100 | @a19950724d1979 em y0chiy0121 ea | |
| 101 | 0 | @achi |
| 102 | @aCN@b110000 | |
| 105 | @ay z 000yy | |
| 106 | @ar | |
| 200 | 10 | @a文史@Awen shi@h第六辑@f中华书局编辑部编 |
| 210 | @a北京@c中华书局@d1979 | |
| 215 | @a250页@d26cm | |
| 606 | @a文史@y中国@x丛刊 | |
| 606 | 0 | @a中国@x通史 |
| 690 | @aK207@v3 | |
| 690 | @aK203 | |
| 711 | 02 | @a中华书局编辑部@Azhong hua shu ju bian ji bu@4编 |
| 801 | 0 | @aCN@bNLC@c20040331 |
| 905 | @f1@b18833@dK203@e8:6 | |
| 文史.第六辑/中华书局编辑部编.-北京:中华书局,1979 |
| 250页;26cm |
| ISBN :CNY1.50 |
| ● |
| 相关链接 |
|
|
|
|
正题名:文史
索取号:K203/8:6
 
预约/预借
| 序号 | 登录号 | 条形码 | 馆藏地/架位号 | 状态 | 备注 |
| 1 | 0018833 | 001926303 | 密集书库/ [索取号:K203/8:6] | 在馆 |